<?xml version="1.0" encoding="UTF-8"?><marc:collection xmlns:marc="http://www.loc.gov/MARC21/slim">
  <marc:record>
    <marc:leader>00000nam##2200000za#4500</marc:leader>
    <marc:controlfield tag="001">9.632911</marc:controlfield>
    <marc:controlfield tag="003">CaOODSP</marc:controlfield>
    <marc:controlfield tag="005">20210624215048</marc:controlfield>
    <marc:controlfield tag="007">cr |||||||||||</marc:controlfield>
    <marc:controlfield tag="008">150407|2000||||xxc|||||o    f|0| 0 fre|d</marc:controlfield>
    <marc:datafield tag="040" ind1=" " ind2=" ">
      <marc:subfield code="a">CaOODSP</marc:subfield>
      <marc:subfield code="b">fre</marc:subfield>
    </marc:datafield>
    <marc:datafield tag="043" ind1=" " ind2=" ">
      <marc:subfield code="a">n-cn---</marc:subfield>
    </marc:datafield>
    <marc:datafield tag="086" ind1="1" ind2=" ">
      <marc:subfield code="a">SW21-63/2000F-PDF</marc:subfield>
    </marc:datafield>
    <marc:datafield tag="110" ind1="1" ind2=" ">
      <marc:subfield code="a">Canada. </marc:subfield>
      <marc:subfield code="b">Condition féminine Canada.</marc:subfield>
    </marc:datafield>
    <marc:datafield tag="245" ind1="1" ind2="0">
      <marc:subfield code="a">Les travailleuses migrantes du sexe originaires d'Europe de l'Est et de l'ancienne Union soviétique : </marc:subfield>
      <marc:subfield code="h">[ressource électronique]</marc:subfield>
      <marc:subfield code="b">le dossier canadien / </marc:subfield>
      <marc:subfield code="c">Lynn McDonald, Brooke Moore et Natalya Timoshkina. </marc:subfield>
    </marc:datafield>
    <marc:datafield tag="260" ind1=" " ind2=" ">
      <marc:subfield code="a">Ottawa - Ontario : </marc:subfield>
      <marc:subfield code="b">Condition féminine Canada </marc:subfield>
      <marc:subfield code="c">2000.</marc:subfield>
    </marc:datafield>
    <marc:datafield tag="300" ind1=" " ind2=" ">
      <marc:subfield code="a">108p.</marc:subfield>
      <marc:subfield code="b">tableaux</marc:subfield>
    </marc:datafield>
    <marc:datafield tag="500" ind1=" " ind2=" ">
      <marc:subfield code="a">«Le but de ce projet était d'étudier les expériences de femmes originaires de l'ex-Union soviétique et d'Europe de l'Est, qui ont fait l'objet de trafic au Canada. Les objectifs étaient les suivants: examiner les circonstances qui amènent les femmes slaves vers le Canada pour y devenir des travailleuses du sexe; déterminer le type et la nature du travail à l'arrivée au Canada; déterminer ce qui les amène à demeurer dans leur situation de travail originale ou à la modifier; examiner les difficultés liées à la migration ou au milieu de travail après l'arrivée au Canada; recenser les services de santé et les services sociaux utilisés par les femmes; documenter les lacunes dans les services offerts à ces femmes; formuler des recommandations afin d'améliorer les politiques liées à la prestation des services de santé et des services sociaux à ces femmes.»--Sommaire.</marc:subfield>
    </marc:datafield>
    <marc:datafield tag="500" ind1=" " ind2=" ">
      <marc:subfield code="a">Le n° de catalogue et l’ISBN de l'édition imprimée bilingue ont été incorrectement copiés dans l’édition électronique.</marc:subfield>
    </marc:datafield>
    <marc:datafield tag="504" ind1=" " ind2=" ">
      <marc:subfield code="a">Bibliographie.</marc:subfield>
    </marc:datafield>
    <marc:datafield tag="520" ind1="3" ind2=" ">
      <marc:subfield code="a">Le but de ce projet était d'étudier les expériences de femmes originaires de l'ex-Union soviétique et d'Europe de l'Est, qui ont fait l'objet de trafic au Canada. Les objectifs étaient les suivants: examiner les circonstances qui amènent les femmes slaves vers le Canada pour y devenir des travailleuses du sexe; déterminer le type et la nature du travail à l'arrivée au Canada; déterminer ce qui les amène à demeurer dans leur situation de travail originale ou à la modifier; examiner les difficultés liées à la migration ou au milieu de travail après l'arrivée au Canada; recenser les services de santé et les services sociaux utilisés par les femmes; documenter les lacunes dans les services offerts à ces femmes; formuler des recommandations afin d'améliorer les politiques liées à la prestation des services de santé et des services sociaux à ces femmes.--Sommaire</marc:subfield>
    </marc:datafield>
    <marc:datafield tag="590" ind1=" " ind2=" ">
      <marc:subfield code="a">06-10-Supp</marc:subfield>
      <marc:subfield code="b">2006-12-15</marc:subfield>
    </marc:datafield>
    <marc:datafield tag="691" ind1="0" ind2="7">
      <marc:subfield code="a">Condition de la femme</marc:subfield>
      <marc:subfield code="2">gcpds</marc:subfield>
    </marc:datafield>
    <marc:datafield tag="691" ind1="0" ind2="7">
      <marc:subfield code="a">Conditions sociales</marc:subfield>
      <marc:subfield code="2">gcpds</marc:subfield>
    </marc:datafield>
    <marc:datafield tag="691" ind1="0" ind2="7">
      <marc:subfield code="a">Prostitution</marc:subfield>
      <marc:subfield code="2">gcpds</marc:subfield>
    </marc:datafield>
    <marc:datafield tag="720" ind1="1" ind2=" ">
      <marc:subfield code="a">McDonald, Lynn</marc:subfield>
    </marc:datafield>
    <marc:datafield tag="720" ind1="1" ind2=" ">
      <marc:subfield code="a">Moore, Brooke</marc:subfield>
    </marc:datafield>
    <marc:datafield tag="720" ind1="1" ind2=" ">
      <marc:subfield code="a">Timoshkina, Natalya</marc:subfield>
    </marc:datafield>
    <marc:datafield tag="775" ind1="0" ind2="8">
      <marc:subfield code="t">Migrant sex workers from Eastern Europe and the former Soviet Union : </marc:subfield>
      <marc:subfield code="w">(CaOODSP)9.688486</marc:subfield>
    </marc:datafield>
    <marc:datafield tag="776" ind1="0" ind2="#">
      <marc:subfield code="t">Migrant sex workers from Eastern Europe and the former Soviet Union : </marc:subfield>
      <marc:subfield code="w">(CaOODSP)9.662245</marc:subfield>
    </marc:datafield>
    <marc:datafield tag="776" ind1="0" ind2="#">
      <marc:subfield code="t">Les travailleuses migrantes du sexe originaires d'Europe de l'Est et de l'ancienne Union soviétique : </marc:subfield>
      <marc:subfield code="w">(CaOODSP)9.662246</marc:subfield>
    </marc:datafield>
    <marc:datafield tag="856" ind1="4" ind2="0">
      <marc:subfield code="a">http://publications.gc.ca</marc:subfield>
      <marc:subfield code="q">PDF</marc:subfield>
      <marc:subfield code="s">554 Ko</marc:subfield>
      <marc:subfield code="u">https://publications.gc.ca/collections/Collection/SW21-63-2000F.pdf</marc:subfield>
    </marc:datafield>
  </marc:record>
</marc:collection>
